[Event "8th Arber Open"]
[Site "chess24.com"]
[Date "2019.07.30"]
[Round "4"]
[White "Nahlik, Bernhard, Dr."]
[Black "Speicher, Franz"]
[Result "0-1"]
[Board "34"]
[WhiteElo "1744"]
[WhiteTeam "SC Ansbach"]
[WhiteCountry "GER"]
[WhiteFideId "12904600"]
[WhiteEloChange "-6"]
[BlackElo "1895"]
[BlackTeam "SV Dicker Turm Esslingen"]
[BlackCountry "GER"]
[BlackFideId "4666810"]
[BlackEloChange "6"]

1. d4 {[%clk 1:30:30]} f5 {[%clk 1:30:30]} 2. Nf3 {[%clk 1:30:30]} Nf6 {[%clk
1:30:30]} 3. g3 {[%clk 1:30:30]} g6 {[%clk 1:30:30]} 4. Bg2 {[%clk 1:30:30]} Bg7
{[%clk 1:30:30]} 5. O-O {[%clk 1:30:30]} O-O {[%clk 1:30:30]} 6. c4 {[%clk
1:30:30]} d6 {[%clk 1:30:30]} 7. Nc3 {[%clk 1:30:30]} c6 {[%clk 1:30:30]} 8. Qb3
{[%clk 1:30:30]} Kh8 {[%clk 1:30:30]} 9. a4 {[%clk 1:30:30]} a5 {[%clk 1:30:30]}
10. d5 {[%clk 1:30:30]} e5 {[%clk 1:30:30]} 11. Be3 {[%clk 1:30:30]} Nbd7 {[%clk
1:30:30]} 12. Ng5 {[%clk 1:30:30]} Nc5 {[%clk 1:30:30]} 13. Bxc5 {[%clk 1:30:30]}
dxc5 {[%clk 1:30:30]} 14. dxc6 {[%clk 1:30:30]} bxc6 {[%clk 1:30:30]} 15. Bxc6
{[%clk 1:30:30]} Ra6 {[%clk 1:30:30]} 16. Bb5 {[%clk 1:30:30]} Rd6 {[%clk
1:30:30]} 17. Rfd1 {[%clk 1:30:30]} h6 {[%clk 1:30:30]} 18. Nf3 {[%clk 1:30:30]}
Rxd1+ {[%clk 1:30:30]} 19. Rxd1 {[%clk 1:30:30]} Qe7 {[%clk 1:30:30]} 20. Nd5
{[%clk 1:30:30]} Nxd5 {[%clk 1:30:30]} 21. cxd5 {[%clk 1:30:30]} Rd8 {[%clk
1:30:30]} 22. Bc6 {[%clk 1:30:30]} Ba6 {[%clk 1:30:30]} 23. Rd2 {[%clk 1:30:30]}
e4 {[%clk 1:30:30]} 24. Nh4 {[%clk 1:30:30]} Kh7 {[%clk 1:30:30]} 25. Ng2 {[%clk
1:30:30]} Be5 {[%clk 1:30:30]} 26. Qb6 {[%clk 1:30:30]} Bc4 {[%clk 1:30:30]} 27.
Qxa5 {[%clk 1:30:30]} Bd4 {[%clk 1:30:30]} 28. e3 {[%clk 1:30:30]} Be5 {[%clk
1:30:30]} 29. Rc2 {[%clk 1:30:30]} Bxd5 {[%clk 1:30:30]} 30. Rxc5 {[%clk
1:30:30]} Bxc6 {[%clk 1:30:30]} 31. Rxc6 {[%clk 1:30:30]} Rd1+ {[%clk 1:30:30]}
32. Ne1 {[%clk 1:30:30]} Qd7 {[%clk 1:30:30]} 33. Rc2 {[%clk 1:30:30]} Qg7 {[%clk
1:30:30]} 34. Kf1 {[%clk 1:30:30]} Rb1 {[%clk 1:30:30]} 35. Rc5 {[%clk 1:30:30]}
Bd6 {[%clk 1:30:30]} 36. Rd5 {[%clk 1:30:30]} Qe7 {[%clk 1:30:30]} 37. Rb5 {[%clk
1:30:30]} h5 {[%clk 1:30:30]} 38. Qd2 {[%clk 1:30:30]} Qc7 {[%clk 1:30:30]} 39.
Kg2 {[%clk 1:30:30]} h4 {[%clk 1:30:30]} 40. Nc2 {[%clk 1:30:30]} Qc4 {[%clk
1:30:30]} 41. Ne1 {[%clk 1:30:30]} h3+ {[%clk 1:30:30]} 42. Kg1 {[%clk 1:30:30]}
Qd3 {[%clk 1:30:30]} 43. Rb7+ {[%clk 1:30:30]} Kh6 {[%clk 1:30:30]} 44. Qa5
{[%clk 1:30:30]} Qe2 {[%clk 1:30:30]} 0-1

[Event "8th Arber Open"]
[Site "chess24.com"]
[Date "2019.07.30"]
[Round "4"]
[White "Tober, Julian"]
[Black "Lorencova, Vera"]
[Result "0-1"]
[Board "35"]
[WhiteElo "1796"]
[WhiteTeam "SV Unser Fritz"]
[WhiteCountry "GER"]
[WhiteFideId "24676942"]
[WhiteEloChange "-7"]
[BlackElo "1892"]
[BlackTeam "SC Waldsassen"]
[BlackCountry "CZE"]
[BlackFideId "321397"]
[BlackEloChange "7"]

1. f4 {[%clk 1:30:30]} g6 {[%clk 1:30:30]} 2. e4 {[%clk 1:30:30]} d5 {[%clk
1:30:30]} 3. e5 {[%clk 1:30:30]} c5 {[%clk 1:30:30]} 4. d4 {[%clk 1:30:30]} e6
{[%clk 1:30:30]} 5. Nf3 {[%clk 1:30:30]} Nc6 {[%clk 1:30:30]} 6. Be3 {[%clk
1:30:30]} Qb6 {[%clk 1:30:30]} 7. b3 {[%clk 1:30:30]} Nh6 {[%clk 1:30:30]} 8. c3
{[%clk 1:30:30]} Nf5 {[%clk 1:30:30]} 9. Bf2 {[%clk 1:30:30]} cxd4 {[%clk
1:30:30]} 10. Bxd4 {[%clk 1:30:30]} Ncxd4 {[%clk 1:30:30]} 11. cxd4 {[%clk
1:30:30]} Bb4+ {[%clk 1:30:30]} 12. Ke2 {[%clk 1:30:30]} h5 {[%clk 1:30:30]} 13.
a3 {[%clk 1:30:30]} Be7 {[%clk 1:30:30]} 14. Nc3 {[%clk 1:30:30]} Bd7 {[%clk
1:30:30]} 15. b4 {[%clk 1:30:30]} Rc8 {[%clk 1:30:30]} 16. Qd2 {[%clk 1:30:30]}
a5 {[%clk 1:30:30]} 17. bxa5 {[%clk 1:30:30]} Qxa5 {[%clk 1:30:30]} 18. Ne4
{[%clk 1:30:30]} Qa4 {[%clk 1:30:30]} 19. Nc3 {[%clk 1:30:30]} Qc4+ {[%clk
1:30:30]} 0-1

[Event "8th Arber Open"]
[Site "chess24.com"]
[Date "2019.07.30"]
[Round "4"]
[White "Heiduk, Christoph"]
[Black "Steinhauer, Artur"]
[Result "1-0"]
[Board "36"]
[WhiteElo "1870"]
[WhiteTeam "SC Bayerwald"]
[WhiteCountry "GER"]
[WhiteFideId "12924520"]
[WhiteEloChange "2"]
[BlackElo "1452"]
[BlackTeam "SC Bav Regensburg"]
[BlackCountry "GER"]
[BlackFideId "16263596"]
[BlackEloChange "-2"]

1. d4 {[%clk 1:30:30]} Nf6 {[%clk 1:30:30]} 2. c4 {[%clk 1:30:30]} e6 {[%clk
1:30:30]} 3. Nc3 {[%clk 1:30:30]} b6 {[%clk 1:30:30]} 4. e4 {[%clk 1:30:30]} Bb7
{[%clk 1:30:30]} 5. f3 {[%clk 1:30:30]} d5 {[%clk 1:30:30]} 6. e5 {[%clk
1:30:30]} Nfd7 {[%clk 1:30:30]} 7. cxd5 {[%clk 1:30:30]} exd5 {[%clk 1:30:30]} 8.
Qb3 {[%clk 1:30:30]} c5 {[%clk 1:30:30]} 9. Nxd5 {[%clk 1:30:30]} Nxe5 {[%clk
1:30:30]} 10. Nxb6 {[%clk 1:30:30]} Nxf3+ {[%clk 1:30:30]} 11. Nxf3 {[%clk
1:30:30]} axb6 {[%clk 1:30:30]} 12. Bb5+ {[%clk 1:30:30]} Bc6 {[%clk 1:30:30]}
13. Ne5 {[%clk 1:30:30]} Qc7 {[%clk 1:30:30]} 14. O-O {[%clk 1:30:30]} f6 {[%clk
1:30:30]} 15. Qe6+ {[%clk 1:30:30]} Kd8 {[%clk 1:30:30]} 16. Nf7+ {[%clk
1:30:30]} Qxf7 {[%clk 1:30:30]} 17. Qxf7 {[%clk 1:30:30]} Bxb5 {[%clk 1:30:30]}
18. Bf4 {[%clk 1:30:30]} Nd7 {[%clk 1:30:30]} 19. Rfe1 {[%clk 1:30:30]} Kc8
{[%clk 1:30:30]} 20. Re8+ {[%clk 1:30:30]} Kb7 {[%clk 1:30:30]} 21. Rxa8 {[%clk
1:30:30]} Kxa8 {[%clk 1:30:30]} 22. Qe8+ {[%clk 1:30:30]} Kb7 {[%clk 1:30:30]}
23. a4 {[%clk 1:30:30]} Bc6 {[%clk 1:30:30]} 24. d5 {[%clk 1:30:30]} Ne5 {[%clk
1:30:30]} 25. dxc6+ {[%clk 1:30:30]} Nxc6 {[%clk 1:30:30]} 26. Qd7+ {[%clk
1:30:30]} 1-0

[Event "8th Arber Open"]
[Site "chess24.com"]
[Date "2019.07.31"]
[Round "5"]
[White "Milov, Leonid"]
[Black "Peng, Li Min"]
[Result "1/2-1/2"]
[Board "1"]
[WhiteElo "2472"]
[WhiteTitle "GM"]
[WhiteCountry "GER"]
[WhiteFideId "14101068"]
[BlackElo "2466"]
[BlackTitle "IM"]
[BlackCountry "UKR"]
[BlackFideId "14112620"]

1. e4 {[%clk 1:30:06]} e5 {[%clk 1:30:24]} 2. Nf3 {[%clk 1:30:02]} Nf6 {[%clk
1:28:59]} 3. d4 {[%clk 1:27:59]} Nxe4 {[%clk 1:28:50]} 4. Bd3 {[%clk 1:27:50]} d5
{[%clk 1:29:09]} 5. dxe5 {[%clk 1:26:59]} Be7 {[%clk 1:29:11]} 6. O-O {[%clk
1:26:44]} Nc5 {[%clk 1:29:31]} 7. Be2 {[%clk 1:26:26]} O-O {[%clk 1:29:43]} 8.
Be3 {[%clk 1:26:46]} c6 {[%clk 1:30:06]} 9. Nbd2 {[%clk 1:14:53]} Ne6 {[%clk
1:29:48]} 10. Nb3 {[%clk 1:11:16]} c5 {[%clk 1:30:10]} 11. c3 {[%clk 1:10:20]} b6
{[%clk 1:27:55]} 12. Ne1 {[%clk 1:09:30]} Bb7 {[%clk 1:26:46]} 13. f4 {[%clk
1:09:34]} f5 {[%clk 1:27:14]} 14. Bf3 {[%clk 1:02:21]} 1/2-1/2

[Event "8th Arber Open"]
[Site "chess24.com"]
[Date "2019.07.31"]
[Round "5"]
[White "Mirzoev, Emil"]
[Black "Schleining, Zoya"]
[Result "1-0"]
[Board "3"]
[WhiteElo "2493"]
[WhiteTitle "IM"]
[WhiteCountry "UKR"]
[WhiteFideId "14108640"]
[WhiteEloChange "3"]
[BlackElo "2339"]
[BlackTitle "IM"]
[BlackCountry "GER"]
[BlackFideId "4671660"]
[BlackEloChange "-6"]

1. d4 {[%clk 1:30:51]} Nf6 {[%clk 1:30:54]} 2. c4 {[%clk 1:31:18]} e6 {[%clk
1:31:17]} 3. Nc3 {[%clk 1:32:09]} Bb4 {[%clk 1:31:41]} 4. e3 {[%clk 1:32:09]} O-O
{[%clk 1:32:01]} 5. Bd3 {[%clk 1:32:32]} d5 {[%clk 1:32:16]} 6. cxd5 {[%clk
1:32:41]} exd5 {[%clk 1:32:28]} 7. Ne2 {[%clk 1:33:06]} Re8 {[%clk 1:30:05]} 8.
Bd2 {[%clk 1:33:29]} Bd6 {[%clk 1:29:26]} 9. Nb5 {[%clk 1:30:29]} Bf8 {[%clk
1:27:50]} 10. Qc2 {[%clk 1:28:57]} Na6 {[%clk 1:21:55]} 11. a3 {[%clk 1:25:41]}
c6 {[%clk 1:10:57]} 12. Nbc3 {[%clk 1:26:06]} c5 {[%clk 1:00:48]} 13. O-O {[%clk
1:05:37]} c4 {[%clk 0:49:48]} 14. Bf5 {[%clk 1:05:59]} Bxf5 {[%clk 0:42:30]} 15.
Qxf5 {[%clk 1:06:21]} Nc7 {[%clk 0:42:54]} 16. f3 {[%clk 1:05:55]} Qd7 {[%clk
0:42:03]} 17. Qc2 {[%clk 1:02:53]} Qc6 {[%clk 0:31:36]} 18. b3 {[%clk 1:00:03]}
Rac8 {[%clk 0:29:07]} 19. a4 {[%clk 0:56:36]} b6 {[%clk 0:26:03]} 20. bxc4 {[%clk
0:53:32]} Qxc4 {[%clk 0:26:20]} 21. Rfc1 {[%clk 0:53:17]} Na6 {[%clk 0:23:31]}
22. Qd1 {[%clk 0:51:08]} Qd3 {[%clk 0:18:48]} 23. Nf4 {[%clk 0:50:02]} Qf5 {[%clk
0:19:10]} 24. g4 {[%clk 0:47:44]} Qg5 {[%clk 0:17:52]} 25. Qe1 {[%clk 0:48:02]}
Nb4 {[%clk 0:15:46]} 26. Nce2 {[%clk 0:47:22]} Nxg4 {[%clk 0:11:59]} 27. Qg3
{[%clk 0:44:54]} Nxh2 {[%clk 0:04:52]} 28. Kxh2 {[%clk 0:44:01]} Qxg3+ {[%clk
0:04:28]} 29. Kxg3 {[%clk 0:43:23]} Nc2 {[%clk 0:03:23]} 30. Ra2 {[%clk 0:42:07]}
Na3 {[%clk 0:02:27]} 31. Rxc8 {[%clk 0:42:10]} Rxc8 {[%clk 0:02:52]} 32. Nxd5
{[%clk 0:42:30]} Bd6+ {[%clk 0:02:07]} 33. Kf2 {[%clk 0:42:40]} f5 {[%clk
0:01:13]} 34. Bb4 {[%clk 0:42:11]} Bxb4 {[%clk 0:01:17]} 35. Nxb4 {[%clk
0:42:33]} Rc4 {[%clk 0:01:32]} 36. Rxa3 {[%clk 0:42:07]} Rxb4 {[%clk 0:01:56]}
37. a5 {[%clk 0:42:29]} b5 {[%clk 0:01:10]} 38. Rc3 {[%clk 0:42:39]} 1-0

[Event "8th Arber Open"]
[Site "chess24.com"]
[Date "2019.07.31"]
[Round "5"]
[White "Gruettner, Ralf"]
[Black "Pap, Misa"]
[Result "0-1"]
[Board "7"]
[WhiteElo "2118"]
[WhiteCountry "GER"]
[WhiteFideId "4638158"]
[WhiteEloChange "-2"]
[BlackElo "2461"]
[BlackTitle "GM"]
[BlackCountry "SRB"]
[BlackFideId "921610"]
[BlackEloChange "1"]

1. d4 {[%clk 1:30:58]} f5 {[%clk 1:30:27]} 2. g3 {[%clk 1:31:24]} Nf6 {[%clk
1:30:35]} 3. Bg2 {[%clk 1:31:51]} e6 {[%clk 1:29:25]} 4. c4 {[%clk 1:31:54]} Be7
{[%clk 1:29:23]} 5. Nc3 {[%clk 1:31:58]} O-O {[%clk 1:29:42]} 6. Nh3 {[%clk
1:30:33]} d6 {[%clk 1:27:48]} 7. O-O {[%clk 1:30:30]} e5 {[%clk 1:26:05]} 8. dxe5
{[%clk 1:29:32]} dxe5 {[%clk 1:26:34]} 9. Qxd8 {[%clk 1:28:53]} Bxd8 {[%clk
1:26:17]} 10. b3 {[%clk 1:28:40]} c6 {[%clk 1:25:32]} 11. Ba3 {[%clk 1:28:26]}
Re8 {[%clk 1:26:00]} 12. Rad1 {[%clk 1:24:24]} Na6 {[%clk 1:19:26]} 13. Ng5
{[%clk 1:16:37]} e4 {[%clk 1:05:50]} 14. Nh3 {[%clk 1:08:52]} Be6 {[%clk
0:56:10]} 15. f3 {[%clk 1:01:24]} Bb6+ {[%clk 0:55:09]} 16. Nf2 {[%clk 1:00:22]}
exf3 {[%clk 0:42:52]} 17. exf3 {[%clk 0:57:00]} Bf7 {[%clk 0:39:56]} 18. Rfe1
{[%clk 0:52:48]} f4 {[%clk 0:31:20]} 19. Rxe8+ {[%clk 0:44:07]} Rxe8 {[%clk
0:31:42]} 20. Bc1 {[%clk 0:42:32]} fxg3 {[%clk 0:30:27]} 21. hxg3 {[%clk
0:42:58]} Nb4 {[%clk 0:30:02]} 22. Bf1 {[%clk 0:35:46]} Bg6 {[%clk 0:22:05]} 23.
Kg2 {[%clk 0:34:21]} Bc2 {[%clk 0:21:17]} 24. a3 {[%clk 0:23:00]} Bxd1 {[%clk
0:21:39]} 25. Ncxd1 {[%clk 0:23:20]} Nc2 {[%clk 0:21:59]} 26. b4 {[%clk 0:20:30]}
Ne1+ {[%clk 0:22:18]} 27. Kh3 {[%clk 0:19:55]} Nxf3 {[%clk 0:21:38]} 28. c5
{[%clk 0:20:21]} Bc7 {[%clk 0:21:53]} 29. Bc4+ {[%clk 0:20:37]} Kf8 {[%clk
0:21:43]} 30. Ne3 {[%clk 0:20:27]} Ng5+ {[%clk 0:19:21]} 31. Kg2 {[%clk 0:20:39]}
Nge4 {[%clk 0:19:28]} 32. Nxe4 {[%clk 0:18:59]} Nxe4 {[%clk 0:19:04]} 33. Nf5
{[%clk 0:18:52]} Rd8 {[%clk 0:18:57]} 34. Be3 {[%clk 0:17:46]} Be5 {[%clk
0:19:21]} 35. g4 {[%clk 0:15:06]} a6 {[%clk 0:14:52]} 36. a4 {[%clk 0:12:35]} Ke8
{[%clk 0:12:44]} 37. b5 {[%clk 0:11:42]} axb5 {[%clk 0:13:10]} 38. axb5 {[%clk
0:12:07]} g6 {[%clk 0:12:56]} 39. Nh6 {[%clk 0:08:28]} Bd4 {[%clk 0:13:09]} 40.
Nf7 {[%clk 0:07:45]} Bxe3 {[%clk 0:13:26]} 41. Nxd8 {[%clk 0:07:55]} Kxd8 {[%clk
0:13:52]} 42. bxc6 {[%clk 0:08:14]} bxc6 {[%clk 0:14:08]} 43. Bg8 {[%clk
0:08:39]} Nf6 {[%clk 0:14:30]} 0-1

[Event "8th Arber Open"]
[Site "chess24.com"]
[Date "2019.07.31"]
[Round "5"]
[White "Pohl-Kuemmel, Jens-Uwe"]
[Black "Fauth, Dietmar, Dr."]
[Result "1/2-1/2"]
[Board "10"]
[WhiteElo "2288"]
[WhiteTitle "FM"]
[WhiteCountry "GER"]
[WhiteFideId "4606639"]
[WhiteEloChange "-4"]
[BlackElo "2122"]
[BlackCountry "GER"]
[BlackFideId "4629795"]
[BlackEloChange "4"]

1. d4 {[%clk 1:30:51]} Nf6 {[%clk 1:30:55]} 2. c4 {[%clk 1:31:12]} e6 {[%clk
1:31:13]} 3. Nf3 {[%clk 1:31:27]} d5 {[%clk 1:31:01]} 4. Nc3 {[%clk 1:31:39]}
dxc4 {[%clk 1:31:04]} 5. e3 {[%clk 1:31:32]} a6 {[%clk 1:30:08]} 6. a4 {[%clk
1:31:49]} b6 {[%clk 1:16:13]} 7. Bxc4 {[%clk 1:32:00]} Bb7 {[%clk 1:16:26]} 8.
O-O {[%clk 1:31:58]} Bb4 {[%clk 1:12:49]} 9. Qe2 {[%clk 1:28:31]} Nbd7 {[%clk
1:07:57]} 10. Rd1 {[%clk 1:26:00]} O-O {[%clk 1:03:02]} 11. Bd3 {[%clk 1:06:33]}
Qe7 {[%clk 0:55:06]} 12. e4 {[%clk 1:03:49]} e5 {[%clk 0:54:57]} 13. dxe5 {[%clk
0:52:58]} Nxe5 {[%clk 0:54:21]} 14. Nxe5 {[%clk 0:51:49]} Qxe5 {[%clk 0:49:26]}
15. f4 {[%clk 0:51:23]} Bc5+ {[%clk 0:42:28]} 16. Kh1 {[%clk 0:51:02]} Qh5 {[%clk
0:41:36]} 17. Qxh5 {[%clk 0:36:19]} Nxh5 {[%clk 0:41:58]} 18. e5 {[%clk 0:36:06]}
Rad8 {[%clk 0:37:48]} 19. Be2 {[%clk 0:29:26]} g6 {[%clk 0:36:31]} 20. Rxd8
{[%clk 0:19:48]} Rxd8 {[%clk 0:36:55]} 21. f5 {[%clk 0:20:04]} f6 {[%clk
0:25:02]} 22. exf6 {[%clk 0:17:45]} Nxf6 {[%clk 0:22:47]} 23. Bg5 {[%clk
0:17:38]} Kg7 {[%clk 0:19:35]} 24. fxg6 {[%clk 0:15:46]} Kxg6 {[%clk 0:17:21]}
25. Bf4 {[%clk 0:14:29]} Rd7 {[%clk 0:16:58]} 26. Rf1 {[%clk 0:12:09]} h5 {[%clk
0:11:45]} 27. h3 {[%clk 0:09:52]} h4 {[%clk 0:10:51]} 28. Bd1 {[%clk 0:07:26]}
Nh5 {[%clk 0:08:39]} 29. Bc2+ {[%clk 0:07:15]} Kg7 {[%clk 0:08:49]} 30. Be5+
{[%clk 0:07:25]} Kh6 {[%clk 0:09:01]} 31. Rd1 {[%clk 0:06:02]} Rf7 {[%clk
0:07:10]} 32. Be4 {[%clk 0:04:32]} Bxe4 {[%clk 0:04:42]} 33. Nxe4 {[%clk
0:04:57]} Re7 {[%clk 0:04:46]} 34. Nxc5 {[%clk 0:04:50]} bxc5 {[%clk 0:02:09]}
35. Re1 {[%clk 0:05:06]} Kg6 {[%clk 0:02:22]} 36. Bc3 {[%clk 0:04:56]} Ng3+
{[%clk 0:02:43]} 37. Kg1 {[%clk 0:05:13]} Rf7 {[%clk 0:02:46]} 38. Be5 {[%clk
0:05:19]} Rd7 {[%clk 0:02:31]} 39. Kf2 {[%clk 0:04:09]} Rd2+ {[%clk 0:02:17]} 40.
Kf3 {[%clk 0:04:29]} Nf5 {[%clk 0:01:17]} 41. Re4 {[%clk 0:29:55]} Rd3+ {[%clk
0:27:09]} 42. Ke2 {[%clk 0:29:19]} Rb3 {[%clk 0:20:17]} 43. Rg4+ {[%clk 0:28:17]}
Kf7 {[%clk 0:20:13]} 44. Bc3 {[%clk 0:28:27]} Ke6 {[%clk 0:19:02]} 45. Re4+
{[%clk 0:25:25]} Kd6 {[%clk 0:18:48]} 46. Kd3 {[%clk 0:25:36]} Rb8 {[%clk
0:16:30]} 47. Rf4 {[%clk 0:19:16]} Ke6 {[%clk 0:16:12]} 48. Re4+ {[%clk 0:18:20]}
Kd6 {[%clk 0:15:57]} 49. Rf4 {[%clk 0:15:36]} Ke6 {[%clk 0:16:20]} 1/2-1/2

[Event "8th Arber Open"]
[Site "chess24.com"]
[Date "2019.07.31"]
[Round "5"]
[White "Glaser, Max"]
[Black "Liebold, Aaron"]
[Result "1/2-1/2"]
[Board "24"]
[WhiteElo "1949"]
[WhiteCountry "GER"]
[WhiteFideId "16210271"]
[BlackElo "1944"]
[BlackCountry "GER"]
[BlackFideId "12997846"]

1. e4 {[%clk 1:30:58]} c5 {[%clk 1:30:50]} 2. Nf3 {[%clk 1:31:22]} d6 {[%clk
1:31:11]} 3. Bb5+ {[%clk 1:31:46]} Nd7 {[%clk 1:30:56]} 4. d4 {[%clk 1:32:09]}
cxd4 {[%clk 1:30:35]} 5. Qxd4 {[%clk 1:32:32]} Nf6 {[%clk 1:29:55]} 6. Bg5 {[%clk
1:32:16]} g6 {[%clk 1:27:57]} 7. Bxf6 {[%clk 1:31:29]} exf6 {[%clk 1:28:16]} 8.
c4 {[%clk 1:27:06]} Be7 {[%clk 1:26:37]} 9. Nc3 {[%clk 1:27:02]} O-O {[%clk
1:26:34]} 10. Bxd7 {[%clk 1:25:32]} Bxd7 {[%clk 1:26:25]} 11. O-O {[%clk
1:24:56]} Be6 {[%clk 1:24:15]} 12. Nd5 {[%clk 1:22:08]} Bxd5 {[%clk 1:21:42]} 13.
Qxd5 {[%clk 1:22:01]} Qb6 {[%clk 1:20:53]} 14. b3 {[%clk 1:20:14]} Rfd8 {[%clk
1:19:58]} 15. Qd3 {[%clk 1:09:44]} Rac8 {[%clk 1:14:55]} 16. Rfd1 {[%clk
1:08:34]} Rc5 {[%clk 1:09:45]} 17. Rac1 {[%clk 1:00:43]} f5 {[%clk 1:07:17]} 18.
Rc2 {[%clk 0:58:47]} Bf6 {[%clk 0:52:10]} 19. Rcd2 {[%clk 0:51:59]} Kf8 {[%clk
0:39:04]} 20. exf5 {[%clk 0:48:37]} Rxf5 {[%clk 0:36:40]} 21. Qc2 {[%clk
0:45:42]} Qc6 {[%clk 0:31:16]} 22. Rd5 {[%clk 0:43:40]} Rxd5 {[%clk 0:30:19]} 23.
Rxd5 {[%clk 0:43:58]} Re8 {[%clk 0:28:13]} 24. Qd2 {[%clk 0:41:57]} Re6 {[%clk
0:27:52]} 25. g3 {[%clk 0:35:37]} h5 {[%clk 0:25:19]} 26. Qf4 {[%clk 0:32:13]}
Ke7 {[%clk 0:22:54]} 27. Ng5 {[%clk 0:28:30]} Bxg5 {[%clk 0:18:31]} 28. Qxg5+
{[%clk 0:28:49]} Ke8 {[%clk 0:17:15]} 29. Qd2 {[%clk 0:21:17]} Ke7 {[%clk
0:16:39]} 30. Qg5+ {[%clk 0:21:38]} Ke8 {[%clk 0:16:39]} 31. c5 {[%clk 0:21:10]}
1/2-1/2

[Event "8th Arber Open"]
[Site "chess24.com"]
[Date "2019.07.31"]
[Round "5"]
[White "Fuchs, Michael"]
[Black "Mittermaier, Johann"]
[Result "1-0"]
[Board "27"]
[WhiteElo "2114"]
[WhiteTeam "DJK SF Haselbach"]
[WhiteCountry "GER"]
[WhiteFideId "4693949"]
[WhiteEloChange "3"]
[BlackElo "1842"]
[BlackTeam "SV Deggendorf"]
[BlackCountry "GER"]
[BlackFideId "16208382"]
[BlackEloChange "-3"]

1. e4 {[%clk 1:30:30]} d6 {[%clk 1:30:30]} 2. d4 {[%clk 1:30:30]} g6 {[%clk
1:30:30]} 3. c4 {[%clk 1:30:30]} Nf6 {[%clk 1:30:30]} 4. Nc3 {[%clk 1:30:30]} Bg7
{[%clk 1:30:30]} 5. f3 {[%clk 1:30:30]} O-O {[%clk 1:30:30]} 6. Nge2 {[%clk
1:30:30]} a6 {[%clk 1:30:30]} 7. Be3 {[%clk 1:30:30]} c6 {[%clk 1:30:30]} 8. Ng3
{[%clk 1:30:30]} b5 {[%clk 1:30:30]} 9. a3 {[%clk 1:30:30]} Nbd7 {[%clk 1:30:30]}
10. Bd3 {[%clk 1:30:30]} Rb8 {[%clk 1:30:30]} 11. Qd2 {[%clk 1:30:30]} c5 {[%clk
1:30:30]} 12. cxb5 {[%clk 1:30:30]} cxd4 {[%clk 1:30:30]} 13. Bxd4 {[%clk
1:30:30]} Nc5 {[%clk 1:30:30]} 14. Bc4 {[%clk 1:30:30]} axb5 {[%clk 1:30:30]} 15.
Bxc5 {[%clk 1:30:30]} bxc4 {[%clk 1:30:30]} 16. Bd4 {[%clk 1:30:30]} Ba6 {[%clk
1:30:30]} 17. O-O {[%clk 1:30:30]} Nd7 {[%clk 1:30:30]} 18. Nd5 {[%clk 1:30:30]}
c3 {[%clk 1:30:30]} 19. Qxc3 {[%clk 1:30:30]} Bxd4+ {[%clk 1:30:30]} 20. Qxd4
{[%clk 1:30:30]} Bxf1 {[%clk 1:30:30]} 21. Nxf1 {[%clk 1:30:30]} e6 {[%clk
1:30:30]} 22. Nde3 {[%clk 1:30:30]} Qb6 {[%clk 1:30:30]} 23. Qxb6 {[%clk
1:30:30]} Rxb6 {[%clk 1:30:30]} 24. Nc4 {[%clk 1:30:30]} Rc6 {[%clk 1:30:30]} 25.
Nfe3 {[%clk 1:30:30]} d5 {[%clk 1:30:30]} 26. exd5 {[%clk 1:30:30]} exd5 {[%clk
1:30:30]} 27. Na5 {[%clk 1:30:30]} Ra6 {[%clk 1:30:30]} 28. b4 {[%clk 1:30:30]}
Nf6 {[%clk 1:30:30]} 29. Rd1 {[%clk 1:30:30]} Rc8 {[%clk 1:30:30]} 30. Rd3 {[%clk
1:30:30]} Kf8 {[%clk 1:30:30]} 31. a4 {[%clk 1:30:30]} Rc1+ {[%clk 1:30:30]} 32.
Kf2 {[%clk 1:30:30]} Ra1 {[%clk 1:30:30]} 33. Nxd5 {[%clk 1:30:30]} Nxd5 {[%clk
1:30:30]} 34. Rxd5 {[%clk 1:30:30]} Rxa4 {[%clk 1:30:30]} 35. Rb5 {[%clk
1:30:30]} Re6 {[%clk 1:30:30]} 36. Rb8+ {[%clk 1:30:30]} Kg7 {[%clk 1:30:30]} 37.
Nb3 {[%clk 1:30:30]} Ra2+ {[%clk 1:30:30]} 38. Kf1 {[%clk 1:30:30]} Re3 {[%clk
1:30:30]} 39. Nd4 {[%clk 1:30:30]} Rd3 {[%clk 1:30:30]} 40. Ne2 {[%clk 1:30:30]}
Rb2 {[%clk 1:30:30]} 41. b5 {[%clk 1:30:30]} Rdd2 {[%clk 1:30:30]} 42. Re8 {[%clk
1:30:30]} Rxb5 {[%clk 1:30:30]} 43. Re7 {[%clk 1:30:30]} Kf6 {[%clk 1:30:30]} 44.
Re8 {[%clk 1:30:30]} Re5 {[%clk 1:30:30]} 45. Rxe5 {[%clk 1:30:30]} Kxe5 {[%clk
1:30:30]} 46. Kf2 {[%clk 1:30:30]} Rb2 {[%clk 1:30:30]} 47. Ke3 {[%clk 1:30:30]}
Kd5 {[%clk 1:30:30]} 48. Kd3 {[%clk 1:30:30]} Kc5 {[%clk 1:30:30]} 49. Ke3 {[%clk
1:30:30]} Kc4 {[%clk 1:30:30]} 50. h4 {[%clk 1:30:30]} f5 {[%clk 1:30:30]} 51. g3
{[%clk 1:30:30]} Rb3+ {[%clk 1:30:30]} 52. Kf4 {[%clk 1:30:30]} Kd5 {[%clk
1:30:30]} 53. h5 {[%clk 1:30:30]} gxh5 {[%clk 1:30:30]} 54. Kxf5 {[%clk 1:30:30]}
Rxf3+ {[%clk 1:30:30]} 55. Kg5 {[%clk 1:30:30]} Ke5 {[%clk 1:30:30]} 56. Kh6
{[%clk 1:30:30]} Re3 {[%clk 1:30:30]} 57. Nf4 {[%clk 1:30:30]} h4 {[%clk
1:30:30]} 58. Ng2 {[%clk 1:30:30]} Rxg3 {[%clk 1:30:30]} 59. Nxh4 {[%clk
1:30:30]} Rh3 {[%clk 1:30:30]} 60. Kg5 {[%clk 1:30:30]} Ke6 {[%clk 1:30:30]} 61.
Nf5 {[%clk 1:30:30]} Kf7 {[%clk 1:30:30]} 62. Nh6+ {[%clk 1:30:30]} Kg7 {[%clk
1:30:30]} 63. Nf5+ {[%clk 1:30:30]} Kf8 {[%clk 1:30:30]} 64. Nh6 {[%clk 1:30:30]}
Rg3+ {[%clk 1:30:30]} 65. Ng4 {[%clk 1:30:30]} Kg7 {[%clk 1:30:30]} 66. Kh4
{[%clk 1:30:30]} Rg1 {[%clk 1:30:30]} 67. Kg5 {[%clk 1:30:30]} h6+ {[%clk
1:30:30]} 68. Kf5 {[%clk 1:30:30]} Rf1+ {[%clk 1:30:30]} 69. Ke4 {[%clk 1:30:30]}
Kg6 {[%clk 1:30:30]} 70. Ne5+ {[%clk 1:30:30]} Kg5 {[%clk 1:30:30]} 71. Nf3+
{[%clk 1:30:30]} Kf6 {[%clk 1:30:30]} 72. Nh2 {[%clk 1:30:30]} Ra1 {[%clk
1:30:30]} 73. Kf4 {[%clk 1:30:30]} Ra4+ {[%clk 1:30:30]} 74. Kg3 {[%clk 1:30:30]}
Kf5 {[%clk 1:30:30]} 75. Nf1 {[%clk 1:30:30]} Kg5 {[%clk 1:30:30]} 76. Nh2 {[%clk
1:30:30]} Ra3+ {[%clk 1:30:30]} 77. Nf3+ {[%clk 1:30:30]} Kf5 {[%clk 1:30:30]}
78. Kg2 {[%clk 1:30:30]} Kf4 {[%clk 1:30:30]} 79. Nh2 {[%clk 1:30:30]} h5 {[%clk
1:30:30]} 80. Nf1 {[%clk 1:30:30]} Ra2+ {[%clk 1:30:30]} 81. Kh3 {[%clk 1:30:30]}
Rf2 {[%clk 1:30:30]} 82. Nh2 {[%clk 1:30:30]} Ra2 {[%clk 1:30:30]} 83. Nf1 {[%clk
1:30:30]} Kg5 {[%clk 1:30:30]} 84. Kg3 {[%clk 1:30:30]} h4+ {[%clk 1:30:30]} 85.
Kh3 {[%clk 1:30:30]} Ra3+ {[%clk 1:30:30]} 86. Kg2 {[%clk 1:30:30]} Kg4 {[%clk
1:30:30]} 87. Nh2+ {[%clk 1:30:30]} Kf4 {[%clk 1:30:30]} 88. Nf1 {[%clk 1:30:30]}
Kg5 {[%clk 1:30:30]} 89. Nh2 {[%clk 1:30:30]} h3+ {[%clk 1:30:30]} 90. Kg1 {[%clk
1:30:30]} Kf4 {[%clk 1:30:30]} 91. Nf1 {[%clk 1:30:30]} Ra1 {[%clk 1:30:30]} 92.
Kf2 {[%clk 1:30:30]} Ra2+ {[%clk 1:30:30]} 93. Kg1 {[%clk 1:30:30]} Kf3 {[%clk
1:30:30]} 94. Nh2+ {[%clk 1:30:30]} Ke2 {[%clk 1:30:30]} 95. Ng4 {[%clk 1:30:30]}
Ke1 {[%clk 1:30:30]} 96. Nh2 {[%clk 1:30:30]} Ra3 {[%clk 1:30:30]} 97. Nf1 {[%clk
1:30:30]} Rf3 {[%clk 1:30:30]} 98. Nh2 {[%clk 1:30:30]} Rg3+ {[%clk 1:30:30]} 99.
Kh1 {[%clk 1:30:30]} Kf2 {[%clk 1:30:30]} 1-0